El noroeste y la argentina contemporánea (1853-1992) (Registro nro. 4385)

Detalles MARC
000 -LEADER
fixed length control field 01291 a2200217 4500
001 - CONTROL NUMBER
control field 47488
005 - DATE AND TIME OF LATEST TRANSACTION
control field 20260407155742.0
008 - FIXED-LENGTH DATA ELEMENTS--GENERAL INFORMATION
fixed length control field 260407a1992 arg spa d
003 - CONTROL NUMBER IDENTIFIER
control field AR-UNSa-BCEJYS
040 ## - CATALOGING SOURCE
Original cataloging agency AR-UNSa-BCEJYS
Language of cataloging spa
Transcribing agency AR-UNSa-BCEJYS
080 ## - UNIVERSAL DECIMAL CLASSIFICATION NUMBER
Universal Decimal Classification number 94(82)
Common auxiliary subdivision Historia de Argentina
020 ## - INTERNATIONAL STANDARD BOOK NUMBER
International Standard Book Number 9520-21-076-5
100 1# - MAIN ENTRY--PERSONAL NAME
Personal name Bazán, Armando Raúl
245 10 - TITLE STATEMENT
Title El noroeste y la argentina contemporánea (1853-1992)
264 #1 - PRODUCTION, PUBLICATION, DISTRIBUTION, MANUFACTURE, AND COPYRIGHT NOTICE
Place of production, publication, distribution, manufacture Buenos Aires :
Name of producer, publisher, distributor, manufacturer Plus Ultra
Date of production, publication, distribution, manufacture, or copyright notice 1992
300 ## - PHYSICAL DESCRIPTION
Extent 477 p.
Dimensions 23 cm.
505 ## - FORMATTED CONTENTS NOTE
Formatted contents note 1. El tiempo largo - 2. Constitución y revolución - 3. Pavón y el orden liberal - 4. La guerra del Paraguay y las relaciones federales - 5. Organización del sistema educativo argentino - 6. El estado nación - 7. Las situaciones provinciales - 8. Antes y después del ferrocarril - 9. Las colectividades extranjeras - 10. De la oligarquía a la democracia - 11. Las provincias pobres. Proyectos e iniciativas para su reactivación - 12. Del golpe de estado al proyecto nacional y popular - 13. Poder militar y democracia condicionada - 14. Los años trágicos - 15. La nueva aurora democrática.
590 ## - LOCAL NOTE (RLIN)
Local note niveau_biblio:m niveau_hierar:0
856 41 - ELECTRONIC LOCATION AND ACCESS
Uniform Resource Identifier <a href="https://www.biblioeco.unsa.edu.ar/pmb/images/libros/L127529.jpg">https://www.biblioeco.unsa.edu.ar/pmb/images/libros/L127529.jpg</a>
Link text Imagen de portada
Electronic format type image/jpeg
942 ## - ADDED ENTRY ELEMENTS (KOHA)
Koha item type
Existencias
Withdrawn status Lost status Damaged status Not for loan Home library Current library Shelving location Date acquired Total checkouts Full call number Barcode Date last seen Price effective from Koha item type
        Biblioteca Prof. Eusebio Cleto del Rey Biblioteca Prof. Eusebio Cleto del Rey   07/04/2026   94(82) B362 L127529 07/04/2026 07/04/2026 Libro